Literatura catalana antiga (Record no. 110155)

MARC details
000 -LEADER
campo de control de longitud fija 00602nam a2200193 4500
001 - NÚMERO DE CONTROL
campo de control 110155
003 - IDENTIFICADOR DE NÚMERO DE CONTROL
campo de control ES-MaACL
005 - FECHA Y HORA DE LA ÚLTIMA TRANSACCIÓN
campo de control 20250910183111.0
007 - CAMPO FIJO DE DESCRIPCIÓN FÍSICA--INFORMACIÓN GENERAL
campo de control de longitud fija t|
008 - DATOS DE LONGITUD FIJA--INFORMACIÓN GENERAL
campo de control de longitud fija 061121s1961 sp r ||||1| cat d
100 1# - ENTRADA PRINCIPAL--NOMBRE DE PERSONA
Nombre de persona Molas, Joaquim,
Fechas asociadas al nombre 1930-2015
9 (RLIN) 81845
245 10 - MENCIÓN DEL TÍTULO
Título Literatura catalana antiga
Resto del título : el segle XIII /
Mención de responsabilidad, etc. per Joaquim Molas.
260 ## - PUBLICACIÓN, DISTRIBUCIÓN, ETC.
Lugar de publicación, distribución, etc. Barcelona :
Nombre del editor, distribuidor, etc. Barcino,
Fecha de publicación, distribución, etc. 1961.
300 ## - DESCRIPCIÓN FÍSICA
Extensión 144 p. ;
Dimensiones 16 cm.
490 1# - MENCIÓN DE SERIE
Mención de serie Col-lecció popular Barcino ;
Designación de volumen o secuencia 193
830 0# - PUNTO DE ACCESO ADICIONAL DE SERIE-TÍTULO UNIFORME
Título uniforme Col·lecció popular Barcino
Designación de volumen o secuencia 193
9 (RLIN) 229864
852 ## - LOCALIZACIÓN
Ubicación ES-MaACL
Número de control de estantería E-10114
Sublocalización o colección R.50254
Holdings
Estatus retirado Estado de pérdida Estado de daño No para préstamo Biblioteca de origen Biblioteca actual Ubicación en estantería Fecha de adquisición Fuente de adquisición Total de préstamos Signatura topográfica completa Código de barras Visto por última vez Precio de reemplazo Tipo de ítem Koha
        Biblioteca del Ateneo de Madrid Biblioteca del Ateneo de Madrid Depósito 2 17/01/2008     E-10114 1114925 23/02/2023 23/02/2023 Libro impreso